000 00427nam a2200181Ia 4500
001 19595
005 20260306172704.0
008 260306t2017||||xx |||||||||||||| ||spa||
041 _aESP
082 _a340.7
_bE373 N° 20
100 _aUrday B. Percy
_eAUT
245 0 _aManual de derecho marítimo
260 _c2017
300 _a146 páginas :
_c20 cm.
650 _aGEN
654 _aCDE
942 _cLIB
_dJUS
_fJUS
_2ddc
_n
999 _c19595
_d19595